000 00592nam a22001937a 4500
005 20251108173158.0
008 250721s2005 xx 000 0 ara d
082 1 4 _a814/ غرب
245 1 0 _aالثورة العربية الكبرى /
264 1 _aالصفاة :
_bوزارة الإعلام - مجلة العربي،
_c2005.
300 _a2ج.
490 0 _aالكتاب العربي
_v59
490 0 _aالكتاب العربي
_v60
650 1 7 _aالمقالات
650 1 7 _aالأدب العربي
710 2 _aنخبة من الكتاب
942 _2ddc
_cBK
999 _c97880
_d97880